miasta w Polsce na literę Ś - Statystyki

Ogólne statystyki
  • Ten quiz został rozwiązany 70 razy
  • Średni wynik to 9 z 17
Statystyki odpowiedzi
województwo miasto % Poprawnych
dolnośląskie Świdnica
78%
lubelskie Świdnik
73%
wielkopolskie Śrem
72%
wielkopolskie Środa Wielkopolska
72%
zachodniopomorskie Świnoujście
72%
lubuskie Świebodzin
67%
śląskie Świętochłowice
60%
dolnośląskie Środa Śląska
58%
kujawsko - pomorskie Świecie
58%
zachodniopomorskie Świdwin
57%
dolnośląskie Świeradów - Zdrój
45%
dolnośląskie Ścinawa
40%
dolnośląskie Świebodzice
40%
wielkopolskie Ślesin
23%
małopolskie Świątniki Górne
22%
dolnośląskie Świerzawa
17%
wielkopolskie Śmigiel
15%
Nie znaleziono quizów pasujących do podanych kryteriów
Rozkład punktacji
Procent ludzi z każdym wynikiem
Percentyl według liczby udzielonych odpowiedzi
Twoja historia wyników
Nie rozwiązałeś tego quizu